Buffalo Wild Wings Quiz Stats

Quiz not verified by Sporcle

Challenge
Share
Tweet
Embed
Score 0/22 Timer 08:00
1 Play Today
% Correct
Mild
90%
Hot
88.8%
Blazin'
75.3%
Medium
72.9%
Honey BBQ
65.3%
Asian Zing
64.1%
Sweet BBQ
60%
Hot BBQ
53.5%
Spicy Garlic
52.4%
Wild
50.6%
Teriyaki
49.4%
% Correct
Mango Habanero
47.1%
Parmesan Garlic
43.5%
Caribbean Jerk
40%
Thai
25.3%
Lemon Pepper
16.5%
Desert Heat
14.7%
Curry
10.6%
Captain Morgan
5.9%
Pepper Infusion
2.9%
Southwest Chipotle
2.9%
Smokey Southwestern
1.8%

You're not logged in!

Compare scores with friends on all Sporcle quizzes.
Sign Up with Email
OR
Log In

You Might Also Like...

Show Comments

Extras

Top Quizzes Today


Score Distribution

Your Account Isn't Verified!

In order to create a playlist on Sporcle, you need to verify the email address you used during registration. Go to your Sporcle Settings to finish the process.